Fissidentaceae(bryophyta) of the western ghats, India: (Record no. 193368)

MARC details
000 -LEADER
fixed length control field 00574nam a22001817a 4500
005 - DATE AND TIME OF LATEST TRANSACTION
control field 20231121165939.0
010 ## - LCCN (DPL NO)
LC control number ENG-135532
020 ## - INTERNATIONAL STANDARD BOOK NUMBER
International Standard Book Number 978819034346
Terms of availability 2500.00
035 ## - SYSTEM CONTROL NUMBER
System control number EN-119064
037 ## - SOURCE OF ACQUISITION
Source of stock number/acquisition DBAD/PUB
082 ## - DEWEY DECIMAL CLASSIFICATION NUMBER
Classification number 588.9954
100 ## - MAIN ENTRY--PERSONAL NAME
Personal name K.M., Manjula
245 ## - TITLE STATEMENT
Title Fissidentaceae(bryophyta) of the western ghats, India:
Statement of responsibility, etc By Manjula, K.M., Manju, C.N. [AND] Rajesh, K.P.
260 ## - PUBLICATION, DISTRIBUTION, ETC. (IMPRINT)
Place of publication, distribution, etc Kerala
Name of publisher, distributor, etc CRIKSC
Date of publication, distribution, etc 2022
270 ## - ADDRESS
City Kerala
Address D-37, Jawahar Nagar, Kozhikode
300 ## - PHYSICAL DESCRIPTION
Extent 449p.
Dimensions 23cm(pbk)
942 ## - ADDED ENTRY ELEMENTS (KOHA)
Source of classification or shelving scheme Dewey Decimal Classification
Item type English Books
Call number suffix K.M. M
Classification part 588.9954
Holdings
Withdrawn status Lost status Not for loan Collection code Home library Current library Date acquired Source of acquisition Cost, normal purchase price Full call number Barcode Copy number Cost, replacement price Koha item type
    Not For Loan Non-fiction D.B.Act.Division D.B.Act.Division 21/11/2023 DBAD/PUB 2500.00 588.9954 KMM EN-119064 1 2500.00 English Books

© Delhi Public Library
Hit Counter
free hit counter